00435cam a22001337a 4500008004000000020001500040082002000055100002400075245006700099260002600166300001200192500007400204650002300278180718b1990 xxu||||| |||| 00| 0 eng d a0861322703 aT111 C172 APPPA aBagchi, Amiya Kumar aColonialism and the nature of "Capitalist" enterprise in India aBombaybPopularc1990 ap.45-76 a[In] Capitalist development: critical essays,edited by Ghanshyam Shah aCapitalism - India